000 00298nam a22001337a 4500
003 SGT
082 _a616.024
_bC02A
100 _aARORA,RITU
245 _aCOMBATING FEVER: FEVER OF UNKNOWN-ORIGIN
260 _aINDIA
_bB.JAIN PUB
_c2002
300 _a294
650 _aHOMOEOPATHIC
942 _2ddc
_cBK
999 _c20480
_d20480